000 00285 a2200145 4500
001 169579
020 _a
040 _cMagnum
100 _aSpinelli, Mauro
240 1 0 _aFoniatria
_lpor
245 1 0 _aFoniatria
362 0 _a1899
697 _aCIENCIAS MEDICAS SAUDE
942 _cBK
999 _c169579
_d169579